The message / (Record no. 127026)

MARC details
000 -LEADER
campo de control de longitud fija 02894nam a22002417a 4500
003 - IDENTIFICADOR DE NÚMERO DE CONTROL
campo de control BJBSDDR
005 - FECHA Y HORA DE LA ÚLTIMA TRANSACCIÓN
campo de control 20260508095220.0
007 - CAMPO FIJO DE DESCRIPCIÓN FÍSICA--INFORMACIÓN GENERAL
campo de control de longitud fija ta
008 - DATOS DE LONGITUD FIJA--INFORMACIÓN GENERAL
campo de control de longitud fija 260508s2024 nyu||||| |||| 00| 0 eng d
020 ## - NÚMERO INTERNACIONAL ESTÁNDAR DEL LIBRO
Número Internacional Estándar del Libro 9780593230381
020 ## - NÚMERO INTERNACIONAL ESTÁNDAR DEL LIBRO
Número Internacional Estándar del Libro 0593230388
040 ## - FUENTE DE CATALOGACIÓN
Lengua de catalogación spa
Centro/agencia transcriptor BJBSDDR
041 ## - CÓDIGO DE IDIOMA
Código de lengua del texto/banda sonora o título independiente eng
050 ## - SIGNATURA TOPOGRÁFICA DE LA BIBLIOTECA DEL CONGRESO
Número de ítem C652 2024
100 1# - ENTRADA PRINCIPAL--NOMBRE DE PERSONA
Nombre de persona Coates, Ta-Nehisi
Forma completa/desarrollada del nombre (Ta-Nehisi Paul),
Fechas asociadas al nombre 1975-
9 (RLIN) 7046
245 14 - MENCIÓN DEL TÍTULO
Título The message /
Mención de responsabilidad, etc. Ta-Nehisi Coates
250 ## - MENCION DE EDICION
Mención de edición First edition
260 ## - PUBLICACIÓN, DISTRIBUCIÓN, ETC.
Lugar de publicación, distribución, etc. New York :
Nombre del editor, distribuidor, etc. One World,
Fecha de publicación, distribución, etc. 2024
300 ## - DESCRIPCIÓN FÍSICA
Extensión 235 pages :
Dimensiones 20 cm
520 ## - RESUMEN, ETC.
Sumario, etc. Coates originally set off to write a book about writing, in the tradition of Orwell's classic 'Politics and the English language,' but found himself grappling with deeper questions about how our stories--our reporting and imaginative narratives and mythmaking--expose and distort our realities. The first of the book's three intertwining essays is set in Dakar, Senegal. Despite being raised as a strict Afrocentrist--and named for a Nubian pharaoh--Coates had never set foot on the African continent until now. He roams the 'steampunk' city of 'old traditions and new machinery,' meeting with strangers and dining with local writers who quiz him in French about African American politics. But everywhere he goes he feels as if he's in two places at once: a modern city in Senegal and a mythic kingdom in his mind, the pan-African homeland he was raised to believe was the origin and destiny for all Black people. Finally he travels to the slave castles off the coast and touches the ocean that carried his ancestors away in chains--and has his own reckoning with the legacy of the Afrocentric dream. Back in the USA he takes readers along with him to Columbia, South Carolina, where he explores a different mythology, this one enforced on its subjects by the state. He enters the world of the teacher whose job is threatened for teaching one of Coates's own books and discovers a community of mostly white supporters who were transformed and even radicalized by the stories they discovered in the 'racial reckoning' of 2020. But he also explores the backlash to this reckoning and the deeper myths and stories of the community--a capital of the Confederacy with statues of segregationists looming over its public squares. In Palestine, the longest of the essays, he discovers the devastating gap between the narratives we've accepted and the clashing reality of life on the ground. He meets with activists and dissidents, Israelis and Palestinians--the old, who remember their dispossessions on two continents, and the young who have only known struggle and disillusionment. He travels into Jerusalem, the heart of Zionist mythology, and to the occupied territories, where he sees the reality the myth is meant to hide. It is this hidden story that draws him in and profoundly changes him
942 ## - ELEMENTOS DE ENTRADA SECUNDARIOS (KOHA)
Fuente del sistema de clasificación o colocación Clasificación de Library of Congress
Suprimir en OPAC No
Tipo de ítem Koha Libro
946 ## - PROCESAMIENTO DE INFORMACIÓN LOCAL (OCLC)
Iniciales del agente catalogador cmc
Holdings
Estatus retirado Estado de pérdida Fuente del sistema de clasificación o colocación Estado de daño No para préstamo Colección Biblioteca de origen Biblioteca actual Ubicación en estantería Fecha de adquisición Signatura topográfica completa Código de barras Visto por última vez Copia número Tipo de ítem Koha
    Clasificación de Library of Congress     Automatización y Procesos Técnicos Biblioteca Juan Bosch Biblioteca Juan Bosch Automatización y Procesos Técnicos (1er. Piso) 08/05/2026 C652 2024 00000199770 08/05/2026 1 Libro